|
|
|
|
| LEADER |
00833nam a2200217 a 4500 |
| 001 |
12559470 |
| 008 |
100106s2001 ii b b 001 0 eng d |
| 010 |
|
|
|a \\2001417488
|
| 020 |
|
|
|a 8185193258
|
| 040 |
|
|
|a DLC
|c DLC
|d BD-DhAAL
|
| 082 |
0 |
0 |
|a 327.5492
|2 21
|
| 100 |
1 |
|
|a Rashid, Harun ur,
|d 1934-
|
| 245 |
1 |
0 |
|a Foreign relations of Bangladesh /
|c by Harun ur Rashid.
|
| 260 |
|
|
|a Varanasi :
|b Rishi Publications,
|c 2001.
|
| 300 |
|
|
|a ix, 314 p. :
|b map ;
|c 22 cm.
|
| 504 |
|
|
|a Includes bibliographical references (p. 278-294) and index.
|
| 541 |
1 |
|
|e 00010903
|
| 651 |
|
0 |
|a Bangladesh
|x Foreign relations.
|
| 852 |
4 |
|
|a Ayesha Abed Library
|j General shelf
|
| 999 |
|
|
|c 6757
|d 6757
|
| 952 |
|
|
|0 0
|1 0
|2 ddc
|4 0
|6 327_549200000000000_RAS_2001
|7 0
|9 6940
|a BRACUL
|b BRACUL
|c GEN
|d 2010-01-06
|l 1
|m 5
|o 327.5492 RAS
|p 3010010903
|r 2017-11-14
|s 2017-10-09
|t 1
|w 2010-01-06
|y BK
|